Análisis sensorial de alimentos y respuesta del consumidor.

Furkejuvvon:
Bibliográfalaš dieđut
Váldodahkki: Pérez Elortondo, F.J (coordinación y edición)
Eará dahkkit: Moya Salvador, Mª.D (coordinación y edición)
Materiálatiipa: Dovdameahttun
Almmustuhtton: Zaragoza, España: Acribia, 2022.
Fáttát:
Fáddágilkorat: Lasit fáddágilkoriid
Eai fáddágilkorat, Lasit vuosttaš fáddágilkora!

MARC

LEADER 00000 a2200000 4500
003 CL-VaPUC
005 20240327152041.0
008 240327t2022 ||||| |||| 00| 0 eng d
999 |c 443196  |d 443194 
020 |a 978-84-200-1279-7 
040 |c Pontificia Universidad Católica de Valparaíso 
082 7 |a 664.072 ELO 2022  |2 22 
100 |a Pérez Elortondo, F.J.  |9 887686  |e coordinación y edición  
245 |a Análisis sensorial de alimentos y respuesta del consumidor.  
260 |a Zaragoza, España:  |b Acribia,   |c 2022. 
300 |a IX, 534 páginas.  
583 |k Cristina María Rojas Aguilar  |c 20240327 
650 |a Alimentos   |x Análisis sensorial   |9 888059 
700 |a Moya Salvador, Mª.D.   |e coordinación y edición  |9 888060 
942 |n 1  |2 ddc  |c BK  |m 1 
952 |0 0  |1 0  |2 ddc  |4 0  |6 664_072000000000000_ELO_2022  |7 0  |8 A  |9 593851  |a BIBALI  |b BIBALI  |d 2024-03-27  |e 1  |g 74267.00  |i 5660491  |l 1  |o 664.072 ELO 2022  |p 5660491  |r 2025-01-20  |s 2024-04-09  |t 1  |v 74267.00  |w 2024-03-27  |y BK  |k ALI